Statistics for TF2 Meet The Scout Monologue

Click here to take the quiz!

General Stats

  • This quiz has been taken 486 times
  • The average score is 54 of 76

Answer Stats

Answer% Correct
I
97%
i
97%
i
97%
i
97%
I
97%
a
94%
a
94%
a
94%
Yo
93%
you
91%
you
91%
you
91%
you
91%
you
91%
do
87%
Do
87%
who
85%
who
85%
be
82%
know
82%
know
82%
to
81%
to
81%
where
81%
where
81%
and
79%
dead
77%
from
76%
from
76%
hurt
76%
birds
75%
brotha'
75%
people
75%
fly
74%
if
74%
talkin'
74%
was
74%
even
73%
even
73%
force
73%
grass
73%
im
73%
nature
73%
you'd
73%
am
72%
grows
72%
were
71%
dont
68%
fuckin'
67%
of
67%
start
67%
you're
65%
sun
64%
shines
63%
any
62%
any
62%
idea
62%
idea
62%
have
60%
BONK
58%
with
58%
up
57%
whats
56%
big
48%
deal
48%
kind
45%
mean
44%
BOINK
38%
Basically
37%
um
37%
oh
34%
thats
34%
beautiful
33%
man
33%
ok
33%
listenin'
30%

Score Distribution

Percentile by Number Answered

Percent of People with Each Score

Your Score History

You have not taken this quiz